Deadpool : klasické příběhy /

Výbor některých starších komiksových příběhů se slavným ironickým superhrdinou v hlavní roli.

Other Authors: Kelly, Joe, 1971-, Liefeld, Rob, 1967-, Madureira, Joe, 1974-, Churchill, Ian, 1969-, Weeks, Lee, 1962-, Lashley, Ken, McGuinness, Ed, 1974-, Nicieza, Fabian, 1961-, Waid, Mark, 1962-, Kopřiva, Štěpán, 1971-, Šmíd, Darek, 1977-
Language: Czech
Published: [Praha] : Crew s.r.o., 2021
Edition: První vydání
Physical Description: 268 nečíslovaných stran : barevné ilustrace ; 27 cm
Language note: Český text
Book
Saved in:
LEADER 03149nam a2200613 i 4500
001 nkc20213347600
003 CZ PrNK
005 20211206090349.0
007 ta
008 210819s2021 xr a g 6 000 1 cze
015 |a cnb003347600 
020 |a 978-80-7679-034-6  |q (vázáno) 
035 |a (OCoLC)1288051687 
035 |a (OCoLC)1291382924 
040 |a ABG001  |b cze  |d BOA001  |e rda 
041 1 |a cze  |h eng 
072 7 |a 741.52  |x Komiksy. Komiksové adaptace  |2 Konspekt  |9 21 
080 |a 741.52(0:82-322.9)  |2 MRF 
080 |a 741.52(0:82-321.5)  |2 MRF 
245 0 0 |a Deadpool :  |b klasické příběhy /  |c překlad Štěpán Kopřiva, Darek Šmíd 
250 |a První vydání 
264 1 |a [Praha] :  |b Crew s.r.o.,  |c 2021 
300 |a 268 nečíslovaných stran :  |b barevné ilustrace ;  |c 27 cm 
336 |a text  |b txt  |2 rdacontent 
336 |a statický obraz  |b sti  |2 rdacontent 
337 |a bez média  |b n  |2 rdamedia 
338 |a svazek  |b nc  |2 rdacarrier 
500 |a "Deadpoola stvořili Rob Liefeld a Fabian Nicieza"--Strana [3] 
500 |a Přeloženo z angličtiny 
500 |a V tiráži uvedeno původní nakladatelství: Marvel 
505 0 0 |t New mutants č. 98 /  |r námět a kresba: Rob Liefeld ; scénář: Fabian Nicieza --  |t Deadpool: honička v kruhu /  |r scénář: Fabian Nicieza ; kresba: Joe Madureira /  |t Deadpool: hříchy minulosti /  |r scénář: Mark Waid ; kresba: Ian Churchill, Lee Weeks a Ken Lashley /  |t Deadpool č. 1 /  |r scénář: Joe Kelly ; kresba: Ed McGuinness 
520 2 |a Výbor některých starších komiksových příběhů se slavným ironickým superhrdinou v hlavní roli.  |b Užvaněný žoldák, zabiják s elánem, nejsarkastičtější vtipálek Projektu X přichází nyní ve sbírce svých nejstarších příběhů. Deadpool, v závěsu se svým pomocníčkem Weaselem, vyráží hledat lásku, peníze a pořádnou melu - nikoliv nutně v tomto pořadí -, jenom aby se vzápětí dozvěděl, že jej pronásleduje protivník, kterého už před lety zabil... Nakladatelská anotace. Kráceno. 
546 |a Český text 
655 7 |a superhrdinské komiksy  |7 fd1057488  |2 czenas 
655 7 |a humoristické komiksy  |7 fd1057480  |2 czenas 
655 9 |a superhero comics  |2 eczenas 
655 9 |a humorous comics  |2 eczenas 
700 1 |a Kelly, Joe,  |d 1971-  |7 mzk2015869233  |4 aut 
700 1 |a Liefeld, Rob,  |d 1967-  |7 xx0213650  |4 aut  |4 ill 
700 1 |a Madureira, Joe,  |d 1974-  |7 xx0252086  |4 ill 
700 1 |a Churchill, Ian,  |d 1969-  |7 xx0232386  |4 ill 
700 1 |a Weeks, Lee,  |d 1962-  |7 xx0245140  |4 ill 
700 1 |a Lashley, Ken  |7 jx20080430016  |4 ill 
700 1 |a McGuinness, Ed,  |d 1974-  |7 xx0205329  |4 ill 
700 1 2 |a Nicieza, Fabian,  |d 1961-  |t Deadpool: the circle chase.  |l Česky 
700 1 2 |a Waid, Mark,  |d 1962-  |t Deadpool: sins of the past.  |l Česky 
700 1 |a Kopřiva, Štěpán,  |d 1971-  |7 ola2004231504  |4 trl 
700 1 |a Šmíd, Darek,  |d 1977-  |7 xx0103109  |4 trl 
910 2 |a BOA001  |b 3-1470.647 
920 |a 4608952  |z ABG001 
990 |a BK 
995 |a 01 
991 |b 202109  |c NOV 
996 6 |b 2610876364  |c 3-1470.647  |l MZK  |r Sklad / do 1 hodiny  |n 1  |p p.v.  |w 001861710  |u 000010  |a 1  |e BOA001  |j MZK50  |s P